<?xml version="1.0" encoding="UTF-8"?>
<collection xmlns="http://www.loc.gov/MARC21/slim">
 <record>
  <leader>01640nam a2200325   4500</leader>
  <controlfield tag="001">DLU190193183</controlfield>
  <controlfield tag="005">##20191030</controlfield>
  <datafield tag="020" ind1="#" ind2="#">
   <subfield code="a">9786047016624</subfield>
  </datafield>
  <datafield tag="040" ind1="#" ind2="#">
   <subfield code="a">DLU</subfield>
   <subfield code="b">vie</subfield>
  </datafield>
  <datafield tag="041" ind1="#" ind2="#">
   <subfield code="a">vie</subfield>
  </datafield>
  <datafield tag="044" ind1="#" ind2="#">
   <subfield code="a">vn</subfield>
  </datafield>
  <datafield tag="082" ind1="#" ind2="#">
   <subfield code="a">915.97</subfield>
   <subfield code="b">Dit</subfield>
  </datafield>
  <datafield tag="245" ind1="#" ind2="#">
   <subfield code="a">Di tích thắng cảnh Việt Nam /</subfield>
   <subfield code="c">Minh Hạnh biên soạn.</subfield>
  </datafield>
  <datafield tag="260" ind1="#" ind2="#">
   <subfield code="a">H. :</subfield>
   <subfield code="b">Văn hóa dân tộc,</subfield>
   <subfield code="c">2018.</subfield>
  </datafield>
  <datafield tag="300" ind1="#" ind2="#">
   <subfield code="a">187 tr. ;</subfield>
   <subfield code="c">21 cm.</subfield>
  </datafield>
  <datafield tag="504" ind1="#" ind2="#">
   <subfield code="a">Tài liệu tham khảo: tr. 186.</subfield>
  </datafield>
  <datafield tag="505" ind1="#" ind2="#">
   <subfield code="a">Di tích Côn Đảo -- Danh thắng Ba Bể -- Thác Bản Giốc -- Danh thắng Ngũ Hành Sơn -- Vườn quốc gia Cát Tiên -- Đồng Tháp Mười -- Cao nguyên đá Đồng Văn -- Danh thắng Hương Sơn -- Hoàng thành Thăng Long -- Vườn quốc gia Ba Vì -- Khu di tích Côn Sơn - Kiếp Bạc -- Đảo Cát Bà -- Rừng Sác Cần Giờ -- Đảo Phú Quốc -- Di tích Mẫu Sơn -- Sa Pa và đỉnh núi Phan Xi Păng -- Thành phố Đà Lạt -- Vườn quốc gia Cúc Phương -- Cố đô Hoa Lư -- Danh thắng Tràng An -- Vườn quốc gia Phong Nha - Kẻ Bàng -- Phố cổ Hội An -- Thánh địa Mỹ Sơn -- Đảo Lý Sơn -- Thắng tích Yên Tử -- Vịnh Hạ Long -- Thành nhà Hồ -- Cố đô Huế -- Danh thắng Tây Thiên - Tam Đảo -- Ruộng bậc thang Mù Cang Chải.</subfield>
  </datafield>
  <datafield tag="651" ind1="#" ind2="#">
   <subfield code="a">Việt Nam</subfield>
   <subfield code="x">Mô tả và du lịch.</subfield>
  </datafield>
  <datafield tag="700" ind1="#" ind2="#">
   <subfield code="a">Minh Hạnh,</subfield>
   <subfield code="e">biên soạn.</subfield>
  </datafield>
  <datafield tag="923" ind1="#" ind2="#">
   <subfield code="a">07/2019</subfield>
  </datafield>
  <datafield tag="991" ind1="#" ind2="#">
   <subfield code="a">SH</subfield>
  </datafield>
  <datafield tag="992" ind1="#" ind2="#">
   <subfield code="a">60000</subfield>
  </datafield>
  <datafield tag="994" ind1="#" ind2="#">
   <subfield code="a">DLU</subfield>
  </datafield>
  <datafield tag="900" ind1="#" ind2="#">
   <subfield code="a">True</subfield>
  </datafield>
  <datafield tag="911" ind1="#" ind2="#">
   <subfield code="a">Nguyễn Thanh Hương</subfield>
  </datafield>
  <datafield tag="925" ind1="#" ind2="#">
   <subfield code="a">G</subfield>
  </datafield>
  <datafield tag="926" ind1="#" ind2="#">
   <subfield code="a">A</subfield>
  </datafield>
  <datafield tag="927" ind1="#" ind2="#">
   <subfield code="a">SH</subfield>
  </datafield>
  <datafield tag="980" ind1="#" ind2="#">
   <subfield code="a">Thư viện Trường Đại học Đà Lạt</subfield>
  </datafield>
 </record>
</collection>
